Mercenaries : (Record no. 1593)

MARC details
000 -LEADER
fixed length control field 00574nam a2200205 4500
003 - CONTROL NUMBER IDENTIFIER
control field OSt
005 - DATE AND TIME OF LATEST TRANSACTION
control field 20150427142207.0
008 - FIXED-LENGTH DATA ELEMENTS--GENERAL INFORMATION
fixed length control field 150427b xxu||||| |||| 00| 0 eng d
020 ## - INTERNATIONAL STANDARD BOOK NUMBER
International Standard Book Number 0745314716
040 ## - CATALOGING SOURCE
Transcribing agency 040a
082 ## - DEWEY DECIMAL CLASSIFICATION NUMBER
Classification number 960.32
Item number MER 2000
245 ## - TITLE STATEMENT
Title Mercenaries :
Remainder of title an African security dilemma /
Statement of responsibility, etc. Abdel-Fatau Musah, J. Kayode Fayemi
260 ## - PUBLICATION, DISTRIBUTION, ETC. (IMPRINT)
Place of publication, distribution, etc. London
Name of publisher, distributor, etc. Pluto press
Date of publication, distribution, etc. 2000
300 ## - PHYSICAL DESCRIPTION
Extent xv, 334p ;
Dimensions 8 cm.
504 ## - BIBLIOGRAPHY, ETC. NOTE
Bibliography, etc includes index
650 ## - SUBJECT ADDED ENTRY--TOPICAL TERM
Topical term or geographic name as entry element Security
9 (RLIN) 4211
700 ## - ADDED ENTRY--PERSONAL NAME
Personal name Abdel-Fatau Musah
9 (RLIN) 4212
700 ## - ADDED ENTRY--PERSONAL NAME
Personal name J. Kayode Fayemi
9 (RLIN) 4213
942 ## - ADDED ENTRY ELEMENTS (KOHA)
Source of classification or shelving scheme Dewey Decimal Classification
Koha item type Short Loan
Holdings
Withdrawn status Lost status Source of classification or shelving scheme Damaged status Not for loan Home library Current library Date acquired Inventory number Total Checkouts Full call number Barcode Date last seen Price effective from Koha item type
    Dewey Decimal Classification     MUST Main Library MUST Main Library 27/04/2015 2003/19207   960.32 MER 2000 2015-1168 27/04/2015 27/04/2015 Short Loan